Most Likely To... Quiz Stats

Quiz Updated Feb 16, 2012

Challenge
Share
Tweet
Embed
Score 0/100 Timer 08:00
1 Play Today
Statistics Country % Correct
Be ObeseUnited States
97.7%
Attend Secondary SchoolJapan
81.1%
Attend Secondary SchoolFrance
76.8%
Have an AbortionRussia
76.4%
Live with AIDSSouth Africa
75.6%
Be UnemployedSouth Africa
75.6%
Be MurderedSouth Africa
75.6%
Attend Secondary SchoolSweden
68.3%
Have InternetNorway
63.8%
Be StuntedNiger
62.9%
Marry as a ChildNiger
62.9%
Die in ChildbirthNiger
62.9%
Be a Teen MotherNiger
62.9%
Attend Secondary SchoolFinland
61%
Be a Child LabourerEthiopia
57.9%
Attend Secondary SchoolSouth Korea
54.9%
Be a Child LabourerChad
53.1%
Marry as a ChildChad
53.1%
Die as an InfantChad
53.1%
Be a Teen MotherChad
53.1%
Have InternetDenmark
52.2%
Be a Child LabourerSomalia
51.3%
Die in ChildbirthSomalia
51.3%
Be StuntedAfghanistan
48.5%
Die as an InfantAfghanistan
48.5%
Die in ChildbirthAfghanistan
48.5%
Live in a CityVatican City
48.3%
Be UndernourishedHaiti
47.4%
Be ObeseSaudi Arabia
46.7%
Be UndernourishedDem. Rep. of Congo
46%
...and Receive TreatmentChile
45.5%
Learn to ReadCuba
45.4%
...and Receive TreatmentCuba
45.4%
Be UnemployedPoland
45.2%
Statistics Country % Correct
Have an AbortionVietnam
44.2%
Live in PovertyRwanda
44%
Be a Teen MotherUganda
42.6%
Live in a CityMonaco
41.8%
Have InternetNetherlands
41.1%
Study Outside the CountryLuxembourg
40.4%
Marry as a ChildMali
40%
Be a Teen MotherMali
40%
Live in a CitySingapore
39.6%
Be MurderedColombia
39.4%
Have InternetUnited Arab Emirates
38.9%
Have a Cell Phone*United Arab Emirates
38.9%
Be ObeseUnited Arab Emirates
38.9%
Live with AIDSLesotho
36.8%
Live in a CityBelgium
36.7%
...and Receive TreatmentLaos
35.9%
Be StuntedYemen
35.5%
Live with AIDSSwaziland
35%
Die in ChildbirthAngola
35%
Live with AIDSBotswana
34.9%
Be MurderedCôte d'Ivoire
34.8%
Be a Child LabourerCentral African Republic
33.8%
Learn to ReadLatvia
33.8%
Live in PovertyLiberia
33.5%
Study Outside the CountryAndorra
33.4%
Be MurderedJamaica
33.3%
Live in PovertyMozambique
33.1%
Live with AIDSNamibia
32.9%
...and Receive TreatmentNamibia
32.9%
Learn to ReadLithuania
32.8%
Live in PovertyTanzania
32.6%
Marry as a ChildBangladesh
32.6%
Have a Cell Phone*Estonia
31.7%
Learn to ReadEstonia
31.7%
Statistics Country % Correct
Have an AbortionEstonia
31.7%
Study Outside the CountryLiechtenstein
31.7%
Be UndernourishedEritrea
30.6%
Be a Child LabourerSierra Leone
30.5%
Die as an InfantSierra Leone
30.5%
Die in ChildbirthSierra Leone
30.5%
Be UnemployedDominican Republic
29.9%
Marry as a ChildGuinea
29.2%
Live in a CityKuwait
28.9%
Have a Cell Phone*Qatar
28.1%
Have an AbortionKazakhstan
27.5%
Have an AbortionBelarus
26.5%
Be StuntedBurundi
25.7%
Live in PovertyBurundi
25.7%
Be UndernourishedBurundi
25.7%
...and Receive TreatmentCosta Rica
23%
Die as an InfantGuinea-Bissau
22.3%
Be UnemployedSlovakia
22.3%
Be MurderedEl Salvador
22%
Have a Cell Phone*Bahrain
21%
Be ObeseSamoa
20.5%
Be a Teen MotherEquatorial Guinea
19.1%
Die as an InfantEquatorial Guinea
19.1%
Learn to ReadSlovenia
19.1%
Study Outside the CountryCyprus
17.8%
Be ObeseNauru
15.4%
Be UndernourishedComoros
12.6%
Be UnemployedMacedonia
12.6%
Be StuntedTimor Leste
11.3%
Study Outside the CountrySt. Kitts and Nevis
10.7%
Have InternetAntigua and Barbuda
7.2%
Have a Cell Phone*Antigua and Barbuda
7.2%

You're not logged in!

Compare scores with friends on all Sporcle quizzes.
Sign Up with Email
OR
Log In

You Might Also Like...

Show Comments

Extras

Top Quizzes Today


Score Distribution

Your Account Isn't Verified!

In order to create a playlist on Sporcle, you need to verify the email address you used during registration. Go to your Sporcle Settings to finish the process.